Los derechos de la mujer en el Islam
Uloženo v:
| Hlavní autor: | |
|---|---|
| Médium: | Kniha |
| Jazyk: | španělština |
| Vydáno: |
Elhame Shargh
2012
|
| Vydání: | 1a. ed |
| Edice: | Estudios de los Conocimientos Islámicos, 6
|
| Témata: | |
| Tagy: |
Přidat tag
Žádné tagy, Buďte první, kdo vytvoří štítek k tomuto záznamu!
|
MARC
| LEADER | 00000cam a2200000 a 4500 | ||
|---|---|---|---|
| 001 | UCF2226 | ||
| 003 | CL-VaPUC | ||
| 008 | 120810e20120000IR |||||||||||||||||spa|d | ||
| 020 | |a 9789642824175 | ||
| 082 | 0 | 4 | |a 340.59 |b MUT |2 21 |
| 100 | |a Mutahhari, Murtada |e autor |9 563817 | ||
| 245 | 1 | 4 | |a Los derechos de la mujer en el Islam |
| 250 | |a 1a. ed | ||
| 300 | |a 408 p | ||
| 942 | |c BK | ||
| 945 | |d 20120810 00:00:00 |a dcastane | ||
| 260 | |b Elhame Shargh |c 2012 | ||
| 650 | 7 | |a DERECHO ISLAMICO |2 CL-VaPUC |9 349329 | |
| 650 | 0 | |a Mujeres |9 257649 | |
| 650 | 0 | |a Islamismo |9 314084 | |
| 583 | |a last modification |c 20120810 11:35:00 |k Rodrigo Vera | ||
| 490 | 0 | |a Estudios de los Conocimientos Islámicos, 6 | |
| 999 | |c 348826 |d 348824 | ||
| 952 | |0 0 |1 0 |4 0 |6 340_590000000000000_MUT_2012 |7 0 |8 A |9 451057 |a BIBHIS |b BIBHIS |d 2019-11-22 |i 4890205 |o 340.59 MUT 2012 |p 4890205 |r 2025-01-20 |w 2019-11-22 |y BK |k HIS | ||